Математический аппарат инженера (Запись № 1752)
[ простой вид ]
| 000 -МАРКЕР | |
|---|---|
| контрольное поле | 00860nam a2200229 c 4500 |
| 001 - КОНТРОЛЬНЫЙ НОМЕР ЗАПИСИ | |
| контрольное поле | 000001752 |
| 003 - ПРИНАДЛЕЖНОСТЬ КОНТРОЛЬНОГО НОМЕРА | |
| контрольное поле | RuMoIPM |
| 005 - ДАТА И ВРЕМЯ ПОСЛЕДНЕЙ ТРАНЗАКЦИИ | |
| контрольное поле | 20260512110634.0 |
| 008 - ЭЛЕМЕНТЫ ДАННЫХ ФИКСИРОВАННОЙ ДЛИНЫ | |
| контрольное поле | 121112s1975 ur a||p|||||||||||||rus d |
| 035 ## - КОНТРОЛЬНЫЙ НОМЕР СИСТЕМЫ | |
| контрольный номер системы | (RuMoIPM Bibliobus) 001957 |
| 040 ## - ОРГАНИЗАЦИЯ-СОЗДАТЕЛЬ ЗАПИСИ | |
| организация-создатель исходной библиографической записи | RuMoIPM |
| язык каталогизации | rus |
| правила каталогизации | rcr |
| 041 ## - КОД ЯЗЫКА | |
| код языка текста | Русский |
| 080 ## - ИНДЕКС УНИВЕРСАЛЬНОЙ ДЕСЯТИЧНОЙ КЛАССИФИКАЦИИ | |
| индекс Универсальной десятичной классификации | 51:62 |
| 100 1# - ИМЯ ЛИЦА КАК ОСНОВНОЙ ПОИСКОВЫЙ ПРИЗНАК | |
| имя лица | Сигорский, Виталий Петрович |
| 245 00 - ОБЛАСТЬ ЗАГЛАВИЯ И СВЕДЕНИЙ ОБ ОТВЕТСТВЕННОСТИ | |
| заглавие | Математический аппарат инженера |
| сведения об ответственности и т. д | В. П. Сигорский |
| 260 ## - ОБЛАСТЬ ВЫХОДНЫХ ДАННЫХ | |
| место публикации, распространения, изготовления и т. д | Киев |
| издательство, издатель, распространитель и т. д | Технiка |
| дата издания, распространения и т. д | 1975 |
| 300 ## - ОБЛАСТЬ КОЛИЧЕСТВЕННОЙ ХАРАКТЕРИСТИКИ | |
| объём | 766 с. |
| прочее | ил. |
| 504 ## - ПРИМЕЧАНИЕ О НАЛИЧИИ БИБЛИОГРАФИЧЕСКИХ ПЕРЕЧНЕЙ И ССЫЛОК | |
| текст примечания | Предм. указ.: с. 753-764 |
| 504 ## - ПРИМЕЧАНИЕ О НАЛИЧИИ БИБЛИОГРАФИЧЕСКИХ ПЕРЕЧНЕЙ И ССЫЛОК | |
| текст примечания | Библиогр. в конце гл. |
| 887 ## - Данные не-MARC | |
| Содержание | Сигорский В.П. Математический аппарат инженера / Сигорский В.П. — Киев : Технiка, 1975. — 768 с. |
| Источник данных | Bibliobus |
| 942 ## - ДАННЫЕ О ЗАПИСИ (KOHA) | |
| Тип экземпляра (KOHA) | Книга |
| Статус выдачи | Библиотека держатель | Текущая библиотека | Местонахождение | Дата поступления | Шифр хранения | Тип экземпляра |
|---|---|---|---|---|---|---|
| Институт прикладной математики им. М.В. Келдыша | Институт прикладной математики им. М.В. Келдыша | Миусская | 12.11.2012 | 51 / С 34 | Книга | |
| Институт прикладной математики им. М.В. Келдыша | Институт прикладной математики им. М.В. Келдыша | 12.05.2026 | Книга |